Préfectures plus peuplées que celles des départements voisins - Statistiques

Statistiques générales
  • Ce quiz a été pris 15 fois
  • Le résultat moyen est 17 sur 20
Statistiques - réponses
Préfecture % Correct
Lyon
100%
Marseille
100%
Montpellier
100%
Nantes
100%
Paris
100%
Strasbourg
100%
Bordeaux
92%
Dijon
92%
Lille
92%
Nice
92%
Toulouse
92%
Ajaccio
85%
Pau
85%
Besançon
77%
Perpignan
77%
Quimper
77%
Annecy
69%
Caen
69%
Limoges
62%
Charleville-Mézières
8%
Aucun quiz correspondant
Distribution des résultats
% des personnes avec chaque résultat
Percentile par nombre de réponses
Votre historique - résultats
Vous n’avez pas pris ce quiz